00504nam a2200157Ia 4500003000900000008004100009020001800050040001600068080002100084100001600105245011500121260005800236300002300294650001900317650001000336IN-BaIIA211028s9999 xx 000 0 eng d a1-886733-13-9 cIIA Library a082.2:52bASP-92 aMorrison, H 0aFormation of the galactic halo....inside and outcH. Morrison  aCaliforniabAstronomical Society of the Pacificc1996 a[various pagings.] aGalactic halos aHalos